1613 1735 1598 1374 1060 1530 1208 1897 1664 1441 1754 1085 1785 1327 1950 1757 1127 1247 1846 1055 1337 1782 1366 1130 1423 1465 1657 1153 1703 1332 1716 1215 1582 1568 1085 1334 1209 1969 1795 1604 1670 1394 1620 1769 1027 1977 1190 1585 1655 1200 1776 1162 1650 1560 1229 1662 1233 1226 1603 1176 1096 1372 1344 1059 1109 1740 1794 1870 1033 1889 1594 1162 1606 1680 1383 1839 1008 1767 1167 1352 1086 1163 1995 1324 1463 1290 1762 1883 1841 1576 1418 1704 1625 1780 1296 1070 1224 1262 1266 BCNSPRNW ULIB Ver.6.0+V

เปลี่ยนเป็นภาษาไทย

Change to English
 แสดงรายละเอียดบรรณานุกรม
  กลับหน้าหลัก

Brief Record : Get Marc (ISO 2709) : E-mail record : QR code < ปิดหน้าต่าง
LEADER : 00000nam 2200000uu 4500
001    13399110880
003     ULIB
008    110613s2546||||th 000 0 tha d
020    9749006542
050  4 AC158^bซ958น 2546
100    ไซม่อน, บาร์บาร่า บรู๊คส์
245    น้ำของโลก = ^bEarth s waters / ^cผู้แต่ง Barbara Brooks Simons และ Thomas R. Wellnitz ; แปลและเรียบเรียง พงชัย หาญยุทธนากร และเจษฎา เด่นดวงบริพัทธ์
260    กรุงเทพฯ : ^bเพียร์สัน เอ็ดดูเคชั่น อินโดไซน่า, ^c2546
300    207 หน้า : ^bภาพประกอบ ; ^c27 ซม.
490    สำรวจโลกวิทยาศาสตร์
592    Buddhist era q1/46
650  7 น้ำ
650  7 ความรู้
700    เวลล์นิตซ์, โทมัส อาร์, ^eผู้แต่งร่วม
700    พงชัย หาญยุทธนากร, ^eผู้แปล
700    เจษฎา เด่นดวงบริพัทธ์, ^eผู้แปลร่วม
945    ^p0^l0^i028551
995    ทศพร
999 ^a ใช้งานได้ทุกระบบ
รายการนี้ยังไม่มีแท็ก
คุณยังไม่ได้ล็อกอิน คุณสามารถมีกิจกรรมร่วมกับเว็บไซต์ได้ แต่ต้องล็อกอินก่อน ::
  ล็อกอิน

รายการสื่อสารสนเทศ

ลำดับที่ ประเภท เลขเรียก/บาร์โค้ด สถานที่ สถานะ
- ไม่พบข้อมูล -

รายการใกล้เคียง
    ผู้แต่ง [ไซม่อน, บาร์บาร่า บรู๊คส์]

    หัวเรื่อง [น้ำ]
    หัวเรื่อง [ความรู้]

BibComment


ยังไม่เคยถูกคอมเมนท์

คอมเมนท์ทรัพยากรรายการนี้
  คอมเมนท์: น้ำของโลก Earth..


 Copyright 2026. Bcnsprnw @Library